LEADER 01459nam a2200301 a 4500 001 000000174392 003 CaOOAMICUS 005 20210312132532.0 008 210312s2019 gw 000 u ger r 020 $a978-3-451-02302-6* 032 $aLibriCat 040 $aPUL$bita 245 00$aWachsende Zustimmung und offene Fragen :$bdie Gemeinsame Erklärung zur Rechtfertigungslehre im Licht ihrer Wirkung /$cherausgegeben von Bernd Oberdorfer und Thomas Söding. 260 $aFreiburg ;$aBasel ;$aWien :$bHerder,$c©2019. 300 $a438 p. ;$c22 cm$b 490 1 $aQuaestiones disputatae ;$v302 504 $aBibliografia in nota. 650 4$aGiustificazione per fede.$0(OLS)http://pul/subject/5011 700 1 $aSöding, Thomas,$d1956-$0(OLS)http://pul/name/58781 700 1 $aOberdorfer, Bernd.$0(OLS)http://pul/name/49552 830 0$aQuaestiones disputatae (Herder) ;$v302.$0(OLS)http://pul/title/18243 850 $aPUL 852 $aPUL$W1$xSL Religione 2$y84$mTheol A6 302$j198700$qStampati Altre Collocazioni$B203315$CPULBib$Z2$F203315 $H134821 $82 941 1 $a10 996 $6020$a978-3-451-02302-6*$9(OLS)http://pul/number/168095 996 $6245$aWachsende Zustimmung und offene Fragen :$bdie Gemeinsame Erklärung zur Rechtfertigungslehre im Licht ihrer Wirkung$9(OLS)http://pul/title/215644 996 $6260$aFreiburg ;$aBasel ;$aWien :$bHerder$9(OLS)http://pul/publisher/48104 LEADER 01542nam a2200313 a 4500 001 000000131337 003 CaOOAMICUS 005 20240306171650.0 008 121115s2012 vc u000 u ita r 020 $a978-88-465-0825-6 032 $aLibriCat 040 $aPUL$bita 082 04$a262.9 111 2 $aGiornata canonistica interdisciplinare$n(06 :$d2011 :$cRoma).$0(OLS)http://pul/name/84384 245 10$aDecidere e giudicare nella Chiesa :$batti della VI giornata canonistica interdisciplinare /$cPaolo Gherri (ed.) 260 $aCittà del Vaticano :$bLateran University Press,$c©2012. 300 $a412 p. ;$c24 cm. 500 $aSul risguardo della coperta post.: Atti della 6. giornata canonistica interdisciplinare (8-9 marzo 2011). 504 $aInclude riferimenti bibliografici ed indice. 650 4$aDiritto canonico$xCongressi.$0(OLS)http://pul/subject/2389 700 1 $aGherri, Paolo,$csacerdote,$d1964-$0(OLS)http://pul/name/49368 850 $aPUL 852 $aPUL$W1$xSL Diritto Canonico 3$y77$m262. 9 GHEPA 6$j151634$qDDC 21$q $B150530$CPULBib$Z2$F150530 $H121226 $81 941 1 $a9 996 $6020$a978-88-465-0825-6$9(OLS)http://pul/number/151039 996 $6082$a262.9$9(OLS)http://pul/classification/369 996 $6245$aDecidere e giudicare nella Chiesa :$batti della VI giornata canonistica interdisciplinare$9(OLS)http://pul/title/165907 996 $6260$aCittà del Vaticano :$bLateran University Press$9(OLS)http://pul/publisher/74585